MARC

LEADER 00000nam0a2200000 4500
001 15491
005 20231030190234.0
035 |a (RuTPU)RU\TPU\book\15599 
035 |a BOOK00015669 
090 |a 15491 
100 |a 20011209d1957 km y0rusy50 ca 
101 0 |a rus 
102 |a RU 
105 |a a z 000zy 
200 1 |a Древнейшее прошлое человечества  |f П. И. Борисковский 
210 |a Москва-Л  |c Изд-во АН СССР  |d 1957 
215 |a 223 с.  |c ил. 
225 1 |a Научно-популярная серия 
610 1 |a история 
610 1 |a Всемирная история 
610 1 |a древняя история 
610 1 |a человек 
610 1 |a первобытное общество 
610 1 |a первобытнообщинный строй 
686 |a Т3(0)2  |v LBC/SL-A  |2 rubbk 
700 1 |a Борисковский  |b П. И.  |g Павел Иосифович 
801 0 |a RU  |b 63413507  |c 20011209  |g PSBO 
801 2 |a RU  |b 63413507  |c 20101124  |g PSBO 
942 |c BK